El Subbdesarrollo y la via del desarrollo

Na minha lista:
Detalhes bibliográficos
Autor principal: Pérez, Humberto
Formato: Texto
Publicado em: La Habana: de Ciencias Sociales
Edição:3
Tags: Adicionar Tag
Sem tags, seja o primeiro a adicionar uma tag!

MARC

LEADER 00000 a a2200000 04500
001 24436
003
040
090 |a 166800  
100 |a Pérez, Humberto  
245 |a El Subbdesarrollo y la via del desarrollo  
250 |a 3  
260 |a La Habana:   |b de Ciencias Sociales  
300 |a 172 p.   |b **no definido**  
999 |c 15817  |d 15817